| 000 | 00433nam a2200169 i 4500 | ||
|---|---|---|---|
| 001 | 41573 | ||
| 003 | ES-MaACL | ||
| 005 | 20230906160445.0 | ||
| 007 | t| | ||
| 008 | 030311s1973 sp ||||1| spa d | ||
| 020 | _a84-7339-015-6 | ||
| 100 | 1 |
_aMac Macarra. _975041 |
|
| 245 | 1 | 4 |
_aLas cassettes / _cMc. Macarra. |
| 260 |
_a[Madrid] : _bAkal, _c[1973] |
||
| 300 |
_a74 p. : _bil. ; _c21 cm. |
||
| 852 |
_aES-MaACL _jC-55482 _bR.88009 |
||
| 999 |
_c41573 _d41573 |
||